000 00663nam a22001697a 4500
003 PILC
005 20150604084747.0
008 150604b xxu||||| |||| 00| 0 eng d
020 _a9715600778
050 _aHD 1691
_b.Un55 2002
245 _aUnderstanding the R&D needs for water resources management in Southeast Asia /
_cedited by Arnulfo G. Garcia and Cassiophiea M. Madid.
260 _aPhilippines :
_bSEAMEO Regional Center for Graduate Study and Research in Agriculture (SEARCA),
_c2002.
300 _ai, 41 pages :
_billustrations ;
_c24 cm.
650 _aWater resources development.
_yAsia.
650 _a Water resources
_yAsia.
942 _2lcc
_cBK
_kFOR
999 _c284701
_d284701